Mucho camello, poco empleo por qu ̌el trabajo de las mujeres en Colombia es escaso, desvalorado y mal remunerado /

Detalles Bibliográficos
Autor principal: Porras-Santanilla, Laura
Otros Autores: Ramr̕ez-Bustamante, Natalia
Formato: eBook
Lenguaje:español
Publicado: Bogot:̀ Universidad de Los Andes (Colombia), 2021
Materias:
Acceso en línea:Acceso restringido

MARC

LEADER 00000nam a22000007a 4500
005 20221028225858.0
007 cr|||| ||||
008 221028s2021 co |||||s|||| 00||0 spa d
020 |a 978-958-798-154-4 
035 |a 37429 
040 |a vLex 
090 |c 14066  |d 14066 
100 1 |a Porras-Santanilla, Laura 
245 1 0 |a Mucho camello, poco empleo  |h [Recurso electrn̤ico] :  |b por qu ̌el trabajo de las mujeres en Colombia es escaso, desvalorado y mal remunerado /  |c Laura Porras-Santanilla, Natalia Ramr̕ez-Bustamante 
256 |a Servicio en ln̕ea 
260 |a Bogot:̀  |b Universidad de Los Andes (Colombia),  |c 2021 
300 |a 1 recurso electrn̤ico 
506 1 |a Disponible solo en los productos indicados  |d vLex Global  |d vLex Global (Academic Edition, excluding Law Schools)  |d vLex Global (U.S. Academic Edition, Law Schools)  |d vLex Global (U.S. Academic Edition, excluding Law Schools)  |d vLex Global (Academic Edition, Law Schools) 
650 0 4 |a Derecho Pb︢lico y Administrativo  |z Colombia 
700 1 |a Ramr̕ez-Bustamante, Natalia 
740 0 |a vLex Libros (Servicio en ln̕ea) 
856 4 0 |u https://app.vlex.com/#/sources/37429  |z Acceso restringido 
942 |c BOOK 
999 0 |a Public and Administrative Law